000 00288nam a2200121Ia 4500
100 _aWilliams Robert
942 _cBK
654 _aComplete Ref guide
245 _aRunning 1-2-3- : Complete Ref Guide
260 _bGalgotia Pub
_aNew Delhi
_c1988
546 _aENGLISH
999 _c19281
_d19281